01316cam a2200313 i 450000100090000000300090000900500170001800800410003502000410007604000380011708200230015510000330017824501280021126400500033926400100038930000460039933600260044533700280047133800270049950000200052663000260054665000550057265500170062785600900064485600780073494200120081299900170082495201610084113093436EG-ScBUE20241111102300.0030214t2004 ii a f 001 0 eng d a9788126513949(pbk. : acidfree paper) aDLCbengerdacDLCdDLCdEG-ScBUE04a519.40285222bGIL1 aGilat, Amos,eauthor.91230710aMATLAB :ban introduction with applications /cAmos Gilat, Department of Mechanical Engineering, The Ohio State University. 1aNew Delhi :bJohn Wiley & Sons, Inc.,c[2004] 4cc2004 aviii, 296 pages :billustrations ;c24 cm 2rdacontentatextbtxt aunmediated2rdamediabn avolumebnc2rdacarrier aIncludes index.07aMATLAB.2BUEsh912308 7aNumerical analysisxData processing.2BUEsh912309 vReading book423Publisher descriptionuhttp://www.loc.gov/catdir/description/wiley039/2003043265.html413Table of contentsuhttp://www.loc.gov/catdir/toc/wiley032/2003043265.html 2ddccBB c13595d13595 00102ddc40708AlahramaMAINbMAINc1STd2010-03-07ePurchaseg67.00h35l3m11o519.40285 GILp000019135r2025-07-15 00:00:00s2022-08-23w2010-03-07yBB